| 000 | 01524nam a22003017a 4500 | ||
|---|---|---|---|
| 999 |
_c22094 _d22094 |
||
| 003 | AR-CdUCM | ||
| 008 | 190425b ||||| |||| 00| 0 spa d | ||
| 040 |
_aMUNICIPALIDAD PROVINCIAL DEL CUSCO _cBIBLIOTECA MUNICIPAL DEL CUSCO |
||
| 082 | _aParlante/N°99/2009 | ||
| 110 |
_aCentro Guamán Poma de Ayala _920511 |
||
| 245 |
_aParlante : _bRevista del Cusco / |
||
| 260 |
_aCusco : _bCentro de Educación y Comunicación Guamán Poma de Ayala, _c2009. |
||
| 300 |
_a36 páginas. : _bilustraciones ; _c30 cm. |
||
| 440 |
_aParlante revista del Cusco. _nAño 24, N°99, mayo-junio 2009. _947434 |
||
| 505 | _aContenido: La filosofía puede ayudarnos. Leonardo Boff. -- Nuestra ONG acompaña a los sectores populares, entrevista a José María Gómez García. -- 30 año con el Cusco, gobiernos locales. -- La palabra del INC. -- El barrio de San Pedro. -- Cusco se refuerza ante la crisis. Ariana Peralta. -- Hacia la gestión integrada del agua. Luis Sánchez Aragonés. -- Agua o muerte. Juan Galiano Román. -- Salvemos el quechua. Juan Galiano Román. | ||
| 650 |
_aActualidad y política _947410 |
||
| 650 |
_aCentro Histórico Cusco _946767 |
||
| 650 |
_aEducación, cultura y deportes _947422 |
||
| 650 |
_aMedio ambiente _947423 |
||
| 650 |
_aSalud _98684 |
||
| 700 |
_aPeralta, Adriana _947414 |
||
| 700 |
_aLaurent, Abel _931760 |
||
| 700 |
_aCastro Pozo, Hildebrando _911592 |
||
| 700 |
_aGaliano Román, Juan _947435 |
||
| 710 |
_aCentro Guamán Poma de Ayala _920511 |
||
| 942 |
_2ddc _cPP |
||
| 945 | _avhl | ||